Harry Potter Trios - Statistics

General Stats
  • This quiz has been taken 103 times
  • The average score is 30 of 36
Answer Stats
Hint Answer % Correct
Golden Trio Harry Potter
100%
Hermione Granger
98%
Ron Weasley
98%
Deathly Hallows Elder Wand
92%
Primary Triwizard Champions Cedric Diggory
91%
Triwizard Schools Hogwarts
91%
Viktor Krum
91%
Silver Trio Ginny Weasley
90%
James Potter
90%
Neville Longbottom
90%
Severus Snape
90%
Animagus Marauders Sirius Black
90%
Unforgivable Curses Avada Kedavra
88%
Blood Status's of the Golden Trio Half-Blood(Harry)
88%
Peter Pettigrew
88%
Ministers of Magic Cornelius Fudge
87%
Cruciatus Curse
87%
Fleur Delacour
87%
Luna Lovegood
87%
Pure-Blood(Ron)
87%
Durmstrang
86%
Imperius Curse
85%
Invisibility Cloak
85%
Muggle-Born(Hermione)
85%
Bronze Trio Draco Malfoy
83%
Resurrection Stone
80%
Gregory Goyle
79%
Vincent Crabbe
79%
Barty Crouch Jr.
78%
Beauxbatons
78%
DADA Teachers that areFollowers of Voldemort Quirinus Quirrell
77%
Gryffindor Chasers Katie Bell
72%
Angelina Johnson
71%
Rufus Scrimgeour
65%
Alicia Spinnet
59%
Pius Thicknesse
53%
No matching quizzes found
Score Distribution
Percent of People with Each Score
Percentile by Number Answered
Your Score History
You have not taken this quiz